000 02244cam a22004814i 4500
003 PE-LiUPU
005 20250731172948.0
008 150623s r 000 0 d
020 _a9053560785
035 _a(Sirsi) i9789053560785
040 _aPE-LiUPU
_bspa
_cPE-LiUPU
_erda
049 _aPRUA
082 0 4 _a291.213
_bH632
_223
245 0 0 _aHidden futures :
_bdeath and immortality in ancient Egypt, Anatolia, the classical, Biblical and Arabic-Islamic world /
_cEdd. J. M. Bremmer, Th. P.J. van den Hout, R. Peters.
264 1 _aLeiden, The Netherlands :
_bAmsterdam University Press,
_c1994.
300 _a253 páginas :
_bilustraciones láms. ;
_c24 centímetros.
336 _atext
_2rdacontent
337 _aunmediated
_2rdamedia
338 _avolume
_2rdacarrier
504 _aBibliografía al final de cada artículo.
505 0 _a"Going out into the day". Ancient egyptian beliefs and practiques concerning death and inmortality -- Death as a privilege. The hittite royal funerary ritual -- Death and the after-life in the hebrew bible of ancient Israel -- The soul, death and the afterlife in early and classical Greece -- Death and inmortality in some greek poems -- Hector's death and Augustan politics -- "Death, te elusive thief": the classical arabic elegy -- Hebrew andalusian elegies and the arabic literary tradition -- Death and inmortality in greek philosophy. From presocratics to the Hellenistic Era -- Resurrection, revelation and reason. Husayn Al-Jisir (D,1909) and islamic eschatology -- Iron age cinerary urns from latium in the shape of a Hut: indicators of status?.
526 _aSEG42
526 _aSEG41
526 _aSEG40
526 _aSEG39
526 _aP94
526 _aP87
526 _aP86
526 _aP85
526 _aP77
526 _aP76
526 _aP35
650 1 4 _aInmortalidad
_xHistoria.
650 2 4 _aMuerte en la literatura.
650 0 4 _aMuerte
_xHistoria.
650 0 4 _aRegion mediterránea
_xCivilización.
700 1 _aBremer, Jan Maarten,
_eautor.
700 1 _aHout, Theo P. J. van den
_eautor.
700 1 _aPeters, Rudolph.
_eautor.
942 _2ddc
_cBK
980 _81
_gALBERTO SANCHEZ Responsable de Automatización
999 _c21697
_d21697